|
|
|
|
| LEADER |
01379nam a2200289 a 4500 |
| 001 |
GR-Patra14886 |
| 008 |
020913s gr g 000 0 gre d |
| 040 |
|
|
|a GrPaTEI
|b gre
|c GR-PaULI
|
| 040 |
|
|
|a GrPaTEI
|b gre
|c GR-PaULI
|
| 100 |
1 |
|
|a Κοντογέωργου, Ιωάννα
|
| 245 |
1 |
0 |
|a «Νοσηλευτική παρέμβαση σε ασθενείς με στεφανιαία νόσο» /
|c Σπουδάστρια: Κοντογέωργου Ιωάννα ; Εισηγήτρια: Μπατζολάκη Μαρία.
|
| 260 |
|
|
|a Πάτρα :
|b ΤΕΙ Πάτρας,
|c [200-]
|
| 300 |
|
|
|a 147σ., πιν.
|
| 504 |
|
|
|a Βιβλιογραφία: σ.144-147
|
| 650 |
|
4 |
|a Ασθένειες της Στεφανιαίας
|
| 650 |
|
4 |
|a ΘΕΡΑΠΕΥΤΙΚΗ
|
| 650 |
|
4 |
|a ΝΟΣΗΛΕΥΤΙΚΗ ΔΙΕΡΓΑΣΙΑ
|
| 650 |
|
4 |
|a Πτυχιακή εργασία
|
| 650 |
|
4 |
|a ΣΤΗΘΑΓΧΗ
|
| 700 |
1 |
|
|a Μπατζολάκη, Μαρία
|
| 710 |
0 |
|
|a Σ.Ε.Υ.Π..
|b Τμήμα Νοσηλευτικής
|
| 710 |
0 |
|
|a Τ.Ε.Ι. Πάτρας
|
| 856 |
4 |
0 |
|u https://nereus.library.upatras.gr/formerpat/ptyxiakes/seyp/seyp_nos/x.x/3328pe.pdf
|
| 942 |
|
|
|2 ddc
|
| 952 |
|
|
|0 0
|1 0
|2 ddc
|4 0
|7 1
|9 293789
|a LISK
|b LISK
|c BSC
|d 2021-01-17
|e 24
|f 0
|g 0.00
|l 0
|p 9241003328
|r 2021-01-17 00:00:00
|t 1
|w 2021-01-17
|y BKN
|x 20020918 0 0
|x GrPaTEI
|
| 971 |
|
|
|a .b26624011
|b 15-04-20
|c 23-09-16
|
| 999 |
|
|
|c 171722
|d 171722
|